| 000 | 01434cam a2200325 a 4500 | ||
|---|---|---|---|
| 999 |
_c526978 _d526978 |
||
| 001 | 16628399 | ||
| 003 | NUST | ||
| 005 | 20190718063627.0 | ||
| 008 | 110128s2012 ne a b 001 0 eng | ||
| 010 | _a 2011000786 | ||
| 020 | _a9789380501932 | ||
| 038 | _aArshad | ||
| 040 |
_aDLC _cDLC _dDLC |
||
| 042 | _apcc | ||
| 050 | 0 | 0 |
_aTK5105.5 _b.P479 2012 |
| 082 | 0 | 0 |
_a004.6 _bPET |
| 100 | 1 |
_aPeterson, Larry L. _918008 |
|
| 245 | 1 | 0 |
_aComputer networks : _ba systems approach / _cLarry L. Peterson and Bruce S. Davie. |
| 250 | _a5th ed. | ||
| 260 |
_aAmsterdam ; _aBoston : _bMorgan Kaufmann, _c2012. |
||
| 300 |
_axxxi, 884 p. : _bill. ; _c25 cm. |
||
| 490 | 0 | _aThe Morgan Kaufmann series in networking | |
| 504 | _aIncludes bibliographical references (p. 837-850) and index. | ||
| 505 | 8 | _aMachine generated contents note: Chapter 1. Foundation; Chapter 2. Getting Connected; Chapter 3. Internetworking; Chapter 4. Advanced Internetworking; Chapter 5. End-to-End Protocols; Chapter 6. Congestion Control and Resource Allocation; Chapter 7. End-to-End Data; Chapter 8. Network Security; Chapter 9. Applications; Solutions to Selected Exercises; Glossary; Bibliography. | |
| 650 | 0 |
_aComputer networks. _93677 |
|
| 700 | 1 |
_aDavie, Bruce S. _918009 |
|
| 906 |
_a7 _bcbc _corignew _d1 _eecip _f20 _gy-gencatlg |
||
| 942 |
_2ddc _cBK |
||